Detalles MARC
| 000 -CABECERA |
| campo de control de longitud fija |
01522nam a2200349 u 4500 |
| 001 - NÚMERO DE CONTROL |
| campo de control |
000004640 |
| 005 - FECHA Y HORA DE LA ÚLTIMA TRANSACCIÓN |
| campo de control |
20200929151456.0 |
| 008 - DATOS DE LONGITUD FIJA--INFORMACIÓN GENERAL |
| campo de control de longitud fija |
090724s2007 dr ac 001 0 spa d |
| 020 ## - NÚMERO INTERNACIONAL ESTÁNDAR DEL LIBRO |
| Número Internacional Estándar del Libro |
994585920X |
| 040 ## - FUENTE DE LA CATALOGACIÓN |
| Centro catalogador/agencia de origen |
DO-SdBNP |
| Lengua de catalogación |
spa |
| Centro/agencia transcriptor |
BNPHU |
| 082 ## - NÚMERO DE LA CLASIFICACIÓN DECIMAL DEWEY |
| Número de clasificación |
271.9 |
| Número de documento/Ítem |
T233h |
| 100 1# - ENTRADA PRINCIPAL--NOMBRE DE PERSONA |
| Nombre de persona |
Taveras, Lorena |
| 9 (RLIN) |
13159 |
| 245 10 - MENCIÓN DE TÍTULO |
| Título |
Hijas de María auxiliadora en las antillas : |
| Resto del título |
pinceladas de santidad 1937-1973 / |
| Mención de responsabilidad, etc. |
Lorena Taveras ; colaboradoras Filomena Rodríguez, Dolores Saviñón ; presentación Verónica de la Cruz. |
| 260 ## - PUBLICACIÓN, DISTRIBUCIÓN, ETC. |
| Lugar de publicación, distribución, etc. |
Santo Domingo : |
| Nombre del editor, distribuidor, etc. |
Amigo del Hogar, |
| Fecha de publicación, distribución, etc. |
2007. |
| 300 ## - DESCRIPCIÓN FÍSICA |
| Extensión |
265 p. : |
| Otras características físicas |
il., retrs. ; |
| Dimensiones |
23 cm. |
| 490 1# - MENCIÓN DE SERIE |
| Mención de serie |
FMA |
| Designación de volumen o secuencia |
2 |
| 500 ## - NOTA GENERAL |
| Nota general |
Instituto hijas de María Auxiliadora inspectoría antillana "San José" |
| 500 ## - NOTA GENERAL |
| Nota general |
Incluye datos biográficos de la autora en las solapas |
| 500 ## - NOTA GENERAL |
| Nota general |
Incluye índices |
| 505 0# - NOTA DE CONTENIDO CON FORMATO |
| Nota de contenido con formato |
Semblanzas de hermanas que fecundaron la provincia antillana vitalizando el Instituto de las Hijas de Maria. Auxiliadora 1937-1973 |
| 590 ## - NOTA LOCAL (RLIN) |
| Nota local |
Inventariado, 2018/ YL |
| 504 ## - NOTA DE BIBLIOGRAFÍA, ETC. |
| Nota de bibliografía, etc. |
Bibliografía : p. 258-261 |
| 610 14 - PUNTO DE ACCESO ADICIONAL DE MATERIA--NOMBRE DE ENTIDAD CORPORATIVA |
| Nombre de entidad corporativa o nombre de jurisdicción como elemento de entrada |
HIJAS DE MARIA AUXILIADORA |
| Subdivisión geográfica |
ANTILLAS |
| 9 (RLIN) |
13529 |
| 650 #4 - PUNTO DE ACCESO ADICIONAL DE MATERIA--TÉRMINO DE MATERIA |
| Término de materia o nombre geográfico como elemento de entrada |
Ordenes religiosas de mujeres |
| Subdivisión geográfica |
Antillas |
| Subdivisión cronológica |
1937-1973 |
| 9 (RLIN) |
13530 |
| 650 #4 - PUNTO DE ACCESO ADICIONAL DE MATERIA--TÉRMINO DE MATERIA |
| Término de materia o nombre geográfico como elemento de entrada |
Salesianos |
| Subdivisión geográfica |
Antillas |
| Subdivisión cronológica |
1937-1973 |
| 9 (RLIN) |
13531 |
| 650 #4 - PUNTO DE ACCESO ADICIONAL DE MATERIA--TÉRMINO DE MATERIA |
| Término de materia o nombre geográfico como elemento de entrada |
Misiones salesianas |
| Subdivisión geográfica |
Antillas |
| Subdivisión cronológica |
1937-1973 |
| 9 (RLIN) |
13532 |
| 700 12 - PUNTO DE ACCESO ADICIONAL--NOMBRE DE PERSONA |
| Nombre de persona |
Rodríguez, Filomena, |
| Término indicativo de función/relación |
col. |
| 9 (RLIN) |
13533 |
| 700 12 - PUNTO DE ACCESO ADICIONAL--NOMBRE DE PERSONA |
| Nombre de persona |
Saviñón, Dolores, |
| Término indicativo de función/relación |
col. |
| 9 (RLIN) |
13534 |
| 700 12 - PUNTO DE ACCESO ADICIONAL--NOMBRE DE PERSONA |
| Nombre de persona |
Cruz, Veronica de la |
| 9 (RLIN) |
13535 |
| 830 #0 - PUNTO DE ACCESO ADICIONAL DE SERIE-TÍTULO UNIFORME |
| Título uniforme |
FMA |
| Número de parte o sección de la obra |
2 |
| 9 (RLIN) |
13536 |
| 910 ## - DATOS DE OPCIÓN DEL USUARIO (OCLC) |
| Datos de opción del usuario |
Validado. Control de calidad MFF |